000 00691nam a2200193Ia 4500
003 GCL
008 140319s9999 xx 000 0 ara d
020 _a8154105977
040 _aGCL /
_cGCL
082 0 4 _aط
_b813.02
_bل م
100 1 _aلوسى يعقوب
245 1 0 _aمدرستى 00 ماأحلاها :
_bنادر ونادرة /
_cلوسى يعقوب
260 _aالقاهرة :
_bمكتبة الانجلوالمصرية ،
_c1997
300 _a16 سم ؛
_c24 سم
490 _a"سلسلة ثقافية مصورة للاطفال والناشئة "" نادر00 ونادرة"""
_v1
650 0 4 _aقصص الاطفال
650 0 4 _aالاطفال - تعليم
942 _2ddc
_cBK
999 _c8897
_d8897